书目信息 |
| 题名: |
数学复习指南暨习题解析
|
|
| 作者: | 王来生 主编 | |
| 分册: | 2020 | |
| 出版信息: | 北京 中国农业大学出版社 2019.08 |
|
| 页数: | 410页 | |
| 开本: | 26cm | |
| 丛书名: | 全国硕士研究生农学门类入学考试辅导丛书 | |
| 单 册: | ||
| 中图分类: | O13-44 | |
| 科图分类: | ||
| 主题词: | 高等数学--gao deng shu xue--硕士生入学考试--题解 | |
| 电子资源: | ||
| ISBN: | 978-7-5655-2253-6 | |
| 000 | 01112nam 2200241 450 | |
| 001 | 2060935550 | |
| 005 | 20201105165545.20 | |
| 010 | @a978-7-5655-2253-6@dCNY69.00 | |
| 100 | @a20190919d2019 em y0chiy50 ea | |
| 101 | 0 | @achi |
| 102 | @aCN@b110000 | |
| 105 | @aa q 000yy | |
| 200 | 1 | @a数学复习指南暨习题解析@Ashu xue fu xi zhi nan ji xi ti jie xi@h2020@f王来生主编 |
| 210 | @a北京@c中国农业大学出版社@d2019.08 | |
| 215 | @a410页@c图@d26cm | |
| 225 | 2 | @a全国硕士研究生农学门类入学考试辅导丛书@Aquan guo shuo shi yan jiu sheng nong xue men lei ru xue kao shi fu dao cong shu |
| 330 | @a本书依据数学考试大纲的知识点, 进行全面的阐述和总结梳理, 按照数学 (含高等数学、线性袋鼠、概率论与数理统计) 的知识要点进行讲解, 对重点、难点进行详细的剖析, 对疑点做了详尽的解释, 便于考生熟悉和理解解题思路, 每章后面附有练习题, 对本章的复习内容进行巩固和训练。 | |
| 410 | 0 | @12001 @a全国硕士研究生农学门类入学考试辅导丛书 |
| 606 | 0 | @a高等数学@Agao deng shu xue@x硕士生入学考试@j题解 |
| 690 | @aO13-44@v5 | |
| 701 | 0 | @a王来生@Awang lai sheng@4主编 |
| 801 | 0 | @aCN@b人天书店@c20201002 |
| 905 | @aZUCC@dO13-44@eW256 | |
| 数学复习指南暨习题解析.2020/王来生主编.-北京:中国农业大学出版社,2019.08 |
| 410页:图;26cm.-(全国硕士研究生农学门类入学考试辅导丛书) |
| ISBN 978-7-5655-2253-6:CNY69.00 |
| 本书依据数学考试大纲的知识点, 进行全面的阐述和总结梳理, 按照数学 (含高等数学、线性袋鼠、概率论与数理统计) 的知识要点进行讲解, 对重点、难点进行详细的剖析, 对疑点做了详尽的解释, 便于考生熟悉和理解解题思路, 每章后面附有练习题, 对本章的复习内容进行巩固和训练。 |
| ● |
| 相关链接 |
|
|
|
正题名:数学复习指南暨习题解析
索取号:O13-44/W256
 
预约/预借
| 序号 | 登录号 | 条形码 | 馆藏地/架位号 | 状态 | 备注 |
| 1 | 1479978 | 214799789 | 自科库401/401自科库 70排1列1层/ [索取号:O13-44/W256] | 在馆 | |
| 2 | 1479979 | 214799798 | 自科库401/401自科库 70排1列1层/ [索取号:O13-44/W256] | 在馆 |